El mildiu de la vid (Record no. 109248)

MARC details
000 -LEADER
campo de control de longitud fija 00501nam a2200157 4500
001 - NÚMERO DE CONTROL
campo de control 109248
003 - IDENTIFICADOR DE NÚMERO DE CONTROL
campo de control ES-MaACL
005 - FECHA Y HORA DE LA ÚLTIMA TRANSACCIÓN
campo de control 20230906184816.0
007 - CAMPO FIJO DE DESCRIPCIÓN FÍSICA--INFORMACIÓN GENERAL
campo de control de longitud fija t|
008 - DATOS DE LONGITUD FIJA--INFORMACIÓN GENERAL
campo de control de longitud fija 061121s1915 sp r ||||1| spa d
100 1# - ENTRADA PRINCIPAL--NOMBRE DE PERSONA
Nombre de persona Oliveras Massó, Claudio.
9 (RLIN) 86864
245 13 - MENCIÓN DEL TÍTULO
Título El mildiu de la vid
Resto del título : Instrucciones prácticas para reconocerlo y combatirlo /
Mención de responsabilidad, etc. Claudio Oliveras Massó.
260 ## - PUBLICACIÓN, DISTRIBUCIÓN, ETC.
Lugar de publicación, distribución, etc. Reus :
Nombre del editor, distribuidor, etc. [s.n.],
Fecha de publicación, distribución, etc. 1915 (
Fabricante Tall. Eduardo Navas)
300 ## - DESCRIPCIÓN FÍSICA
Extensión XI, 143 p. ;
Dimensiones 23 cm.
852 ## - LOCALIZACIÓN
Ubicación ES-MaACL
Número de control de estantería F-816
Holdings
Estatus retirado Estado de pérdida Estado de daño No para préstamo Biblioteca de origen Biblioteca actual Ubicación en estantería Fecha de adquisición Fuente de adquisición Total de préstamos Signatura topográfica completa Código de barras Visto por última vez Precio de reemplazo Tipo de ítem Koha
        Biblioteca del Ateneo de Madrid Biblioteca del Ateneo de Madrid Depósito 2 17/01/2008     F-816 1113993 23/02/2023 23/02/2023 Libro impreso